De domino maris dissertatio
Guardat en:
| Autor principal: | |
|---|---|
| Format: | Llibre |
| Idioma: | anglès |
| Publicat: |
Nueva York
Oceana Publications
1964
|
| Col·lecció: | The Classics of International Law
|
| Matèries: | |
| Etiquetes: |
Afegir etiqueta
Sense etiquetes, Sigues el primer a etiquetar aquest registre!
|
MARC
| LEADER | 00000nam a2200000 a 4500 | ||
|---|---|---|---|
| 001 | UCR2898 | ||
| 003 | CL-VaPUC | ||
| 008 | 980116e19640000US |||||||||||||||||eng|d | ||
| 082 | 0 | 4 | |a 341.1 |b BYN |2 21 |
| 100 | 0 | |a Bynkershoek, Cornelius Van |e author |9 401391 | |
| 245 | 1 | 0 | |a De domino maris dissertatio |
| 300 | |a 105 p | ||
| 942 | |c BK | ||
| 945 | |d 19980116 00:00:00 |a crobeson | ||
| 260 | |a Nueva York |b Oceana Publications |c 1964 | ||
| 650 | 0 | |a Derecho internacional |9 255637 | |
| 650 | 7 | |a DERECHO INTERNACIONAL PUBLICO |2 CL-VaPUC |9 401392 | |
| 650 | 0 | |a Propiedad |9 255268 | |
| 650 | 0 | |a Derecho marítimo |9 255301 | |
| 583 | |a last modification |c 19980116 00:00:00 |k Rodrigo Vera | ||
| 490 | 0 | |a The Classics of International Law | |
| 999 | |c 266019 |d 266017 | ||
| 952 | |0 0 |1 0 |4 0 |6 341_100000000000000_BYN_1964 |7 0 |8 DER_HIS |9 297305 |a BIBDER |b BIBDER |d 2019-11-20 |i 1933639 |l 1 |o 341.1 BYN 1964 |p 1933639 |r 2023-01-25 |s 2020-03-18 |w 2019-11-20 |x Ubicación 4to Piso |y BK_X |z Estos recursos deben solicitarse con anticipación |k DER | ||